[Event "Turkey IS Bank Super League 2017"]
[Site "Darica-Kocaeli"]
[Date "2017.08.04"]
[Round "11"]
[White "Esen, Baris"]
[Black "Karagollu, Ahmet"]
[Result "1/2-1/2"]
[WhiteElo "2528"]
[BlackElo "2083"]
[Annotator "TA"]
[PlyCount "146"]
[EventType "team-tourn"]
[EventCountry "TUR"]
[SourceTitle "playchess.com"]
[Source "ChessBase"]
[SourceQuality "1"]

1. d4 Nf6 2. c4 g6 3. Nf3 Bg7 4. g3 O-O 5. Bg2 d6 6. O-O Nc6 7. Nc3 a6 8. b3 Bf5 9. d5 Na5 10. Bb2 c5 11. dxc6 Nxc6 12. Nd4 Nxd4 13. Qxd4 Ne4 14. Qe3 Nxc3 15. Bxc3 Bxc3 16. Qxc3 Qc7 17. Rac1 Rac8 18. Qe3 b6 19. Rfd1 Rfe8 20. Rd4 a5 21. Rcd1 Qc5 22. Qh6 Qe5 23. Rh4 Qg7 24. Qe3 Rc5 25. a4 Bd7 26. Rhd4 Qe5 27. Re4 Qf6 28. Rf4 Qe5 29. Qd3 Bf5 30. Be4 Bxe4 31. Rxe4 Qf6 32. Qe3 Kg7 33. Rf4 Qe6 34. Qf3 Rec8 35. Rfd4 R8c7 36. e3 Qf5 37. Rf4 Qe6 38. Rd2 f6 39. h4 h5 40. Rfd4 Qf5 41. Qd1 Qe6 42. Kg2 Qd7 43. R2d3 Qc6+ 44. e4 Rc8 45. Rd5 Qd7 46. Qd2 Qe6 47. Qf4 Rf8 48. Qe3 Rfc8 49. Qd4 Rb8 50. Re3 Rf8 51. Kf1 Qh3+ 52. Ke2 Qg4+ 53. Kf1 Rxd5 54. Qxd5 Qd7 55. Qd4 Qc6 56. Rd3 Rc8 57. Qe3 Qc5 58. Qf3 Qe5 59. Rd5 Qa1+ 60. Kg2 Rc5 61. Qe3 Qb2 62. Rd1 Qe5 63. Rd4 Qe6 64. Rd5 Qd7 65. Qd3 Qe6 66. f3 Rxd5 67. exd5 Qe5 68. f4 Qb2+ 69. Kf3 Qc1 70. Kf2 Kf7 71. Ke2 Qb2+ 72. Kf3 Qc1 73. Ke2 Qb2+ 1/2-1/2

[Event "Turkey IS Bank Super League 2017"]
[Site "Darica-Kocaeli"]
[Date "2017.08.04"]
[Round "11"]
[White "Benidze, Davit"]
[Black "Haznedaroglu, Kivanc"]
[Result "1/2-1/2"]
[WhiteElo "2515"]
[BlackElo "2471"]
[Annotator "TA"]
[PlyCount "35"]
[EventType "team-tourn"]
[EventCountry "TUR"]
[SourceTitle "playchess.com"]
[Source "ChessBase"]
[SourceQuality "1"]

1. d4 d5 2. c4 c6 3. Nf3 Nf6 4. cxd5 cxd5 5. Nc3 Nc6 6. Bf4 Bf5 7. e3 e6 8. Bd3 Bxd3 9. Qxd3 Bd6 10. Bxd6 Qxd6 11. O-O O-O 12. Rfc1 Rfc8 13. Nd2 Nd7 14. Nb5 Qf8 15. Nc3 Qd6 16. Nb5 Qf8 17. Nc3 Qd6 18. Nb5 1/2-1/2

[Event "Turkey IS Bank Super League 2017"]
[Site "Darica-Kocaeli"]
[Date "2017.08.04"]
[Round "11"]
[White "Vorontsov, Pavlo"]
[Black "Korobov, Anton"]
[Result "1/2-1/2"]
[WhiteElo "2510"]
[BlackElo "2668"]
[Annotator "TA"]
[PlyCount "39"]
[EventType "team-tourn"]
[EventCountry "TUR"]
[SourceTitle "playchess.com"]
[Source "ChessBase"]
[SourceQuality "1"]

1. d4 d5 2. c4 c6 3. Nf3 Nf6 4. Nc3 e6 5. e3 Nbd7 6. Qc2 Bd6 7. b3 b6 8. Bb2 Bb7 9. Be2 O-O 10. O-O Qe7 11. Rad1 Rad8 12. Rfe1 c5 13. cxd5 exd5 14. Bf1 a6 15. g3 Rfe8 16. Bg2 Bb8 17. Ba3 Bd6 18. Bb2 Bb8 19. Ba3 Bd6 20. Bb2 1/2-1/2

[Event "Turkey IS Bank Super League 2017"]
[Site "Darica-Kocaeli"]
[Date "2017.08.04"]
[Round "11"]
[White "Sadikhov, Ulvi"]
[Black "Guseinov, Gadir"]
[Result "1/2-1/2"]
[WhiteElo "2494"]
[BlackElo "2654"]
[Annotator "TA"]
[PlyCount "60"]
[EventType "team-tourn"]
[EventCountry "TUR"]
[SourceTitle "playchess.com"]
[Source "ChessBase"]
[SourceQuality "1"]

1. e4 c5 2. Nf3 Nc6 3. Bb5 g6 4. O-O Bg7 5. Re1 Nf6 6. e5 Nd5 7. Bxc6 dxc6 8. d3 Bg4 9. Nbd2 O-O 10. h3 Bxf3 11. Nxf3 f6 12. Be3 b6 13. c4 Nxe3 14. Rxe3 Qd7 15. Qc2 Rad8 16. Rd1 fxe5 17. Nxe5 Bxe5 18. Rxe5 Rf6 19. Rde1 Qxd3 20. Qxd3 Rxd3 21. Rxe7 Rf7 22. Rxf7 Kxf7 23. Kf1 Rd4 24. b3 Rd2 25. Re2 Rd1+ 26. Re1 Rd2 27. Re2 Rd1+ 28. Re1 Rd2 29. Re2 Rd1+ 30. Re1 Rd2 1/2-1/2

[Event "Turkey IS Bank Super League 2017"]
[Site "Darica-Kocaeli"]
[Date "2017.08.04"]
[Round "11"]
[White "Firat, Burak"]
[Black "Paichadze, Luka"]
[Result "1/2-1/2"]
[WhiteElo "2480"]
[BlackElo "2581"]
[Annotator "TA"]
[PlyCount "122"]
[EventType "team-tourn"]
[EventCountry "TUR"]
[SourceTitle "playchess.com"]
[Source "ChessBase"]
[SourceQuality "1"]

1. d4 Nf6 2. c4 e6 3. Nf3 Bb4+ 4. Bd2 a5 5. g3 b6 6. Bg2 Bb7 7. O-O O-O 8. Bf4 Be7 9. Qc2 Na6 10. Nc3 d5 11. Ne5 Qc8 12. a3 c5 13. Na4 Bd8 14. dxc5 Nxc5 15. Rac1 d4 16. Rfd1 Bxg2 17. Kxg2 Nfd7 18. Nxc5 bxc5 19. Nxd7 Qxd7 20. Qe4 Bf6 21. e3 g5 22. Be5 Bxe5 23. Qxe5 Qc6+ 24. f3 f6 25. Qe4 Qxe4 26. fxe4 dxe3 27. Rd3 Rfd8 28. Rcd1 Rdb8 29. b3 a4 30. Rb1 Rd8 31. Rxd8+ Rxd8 32. Kf3 Rd3 33. bxa4 Rc3 34. a5 Rxc4 35. Kxe3 Ra4 36. Rb5 Rxa3+ 37. Kd2 c4 38. Kc2 c3 39. g4 Kf7 40. h3 Kg6 41. e5 h6 42. Rb6 Rxa5 43. Rxe6 Rxe5 44. Rxe5 fxe5 45. Kxc3 h5 46. Kd3 hxg4 47. hxg4 Kf7 48. Kc4 Ke7 49. Kd5 Kf6 50. Kc4 e4 51. Kd4 e3 52. Kxe3 Ke5 53. Ke2 Ke4 54. Kf1 Kf4 55. Kf2 Kxg4 56. Kg2 Kf4 57. Kf2 g4 58. Kg2 g3 59. Kg1 Kf3 60. Kf1 g2+ 61. Kg1 Kg3 1/2-1/2

[Event "Turkey IS Bank Super League 2017"]
[Site "Darica-Kocaeli"]
[Date "2017.08.04"]
[Round "11"]
[White "Batsiashvili, Nino"]
[Black "Unuk, Laura"]
[Result "1-0"]
[WhiteElo "2475"]
[BlackElo "2343"]
[Annotator "TA"]
[PlyCount "45"]
[EventType "team-tourn"]
[EventCountry "TUR"]
[SourceTitle "playchess.com"]
[Source "ChessBase"]
[SourceQuality "1"]

1. d4 Nf6 2. c4 e6 3. Nf3 Bb4+ 4. Nc3 c5 5. g3 Nc6 6. Bg2 Ne4 7. Qd3 cxd4 8. Nxd4 Nc5 9. Qe3 Qf6 10. Ndb5 O-O 11. O-O a6 12. Nc7 Ra7 13. N7d5 exd5 14. Nxd5 Qe6 15. Nxb4 Nxb4 16. Qxc5 Nc2 17. Qxa7 Nxa1 18. Qd4 a5 19. Qc3 b5 20. Be3 Qxc4 21. Qxc4 bxc4 22. Rxa1 Ba6 23. Rd1 1-0

[Event "Turkey IS Bank Super League 2017"]
[Site "Darica-Kocaeli"]
[Date "2017.08.04"]
[Round "11"]
[White "Yilmazyerli, Mert"]
[Black "Soysal, Serkan"]
[Result "1-0"]
[WhiteElo "2459"]
[BlackElo "2367"]
[Annotator "TA"]
[PlyCount "77"]
[EventType "team-tourn"]
[EventCountry "TUR"]
[SourceTitle "playchess.com"]
[Source "ChessBase"]
[SourceQuality "1"]

1. e4 c6 2. Nc3 d5 3. Nf3 Nf6 4. e5 Ne4 5. Be2 e6 6. O-O Be7 7. d3 Nxc3 8. bxc3 c5 9. d4 Nc6 10. Be3 O-O 11. dxc5 Qa5 12. Qd3 h6 13. Qd2 Rd8 14. Bd3 Bf8 15. Rab1 Qc7 16. Rfe1 Bd7 17. Qd1 Be8 18. Nd4 Nxd4 19. cxd4 b6 20. cxb6 axb6 21. Qg4 Kh8 22. Bg5 Be7 23. Bxe7 Qxe7 24. Rxb6 Rxa2 25. h3 Rc8 26. Reb1 Qc7 27. Kh2 Ra4 28. Qh4 Bc6 29. Qf4 Kg8 30. Qd2 Kh8 31. Qc3 Raa8 32. Ba6 Be8 33. Qb4 Rd8 34. Qf8+ Kh7 35. Bd3+ f5 36. Rxe6 Bg6 37. Qe7 Rd7 38. Qb4 Bf7 39. Rb6 1-0

[Event "Turkey IS Bank Super League 2017"]
[Site "Darica-Kocaeli"]
[Date "2017.08.04"]
[Round "11"]
[White "Erdogdu, Mert"]
[Black "Demircioglu, Emre"]
[Result "1/2-1/2"]
[WhiteElo "2445"]
[BlackElo "2265"]
[Annotator "TA"]
[PlyCount "95"]
[EventType "team-tourn"]
[EventCountry "TUR"]
[SourceTitle "playchess.com"]
[Source "ChessBase"]
[SourceQuality "1"]

1. e4 e5 2. Nf3 Nc6 3. Bc4 Bc5 4. O-O Nf6 5. d3 a6 6. Bb3 d6 7. c3 h6 8. Re1 O-O 9. h3 Re8 10. Nbd2 Be6 11. Bc2 d5 12. exd5 Bxd5 13. Nf1 e4 14. dxe4 Bxe4 15. Bf4 Qxd1 16. Bxd1 Bb6 17. N1d2 Bd5 18. Ba4 Ne4 19. Nxe4 Rxe4 20. Rxe4 Bxe4 21. Nd2 Bd5 22. b4 a5 23. c4 Nd4 24. Bd1 Be6 25. c5 Ba7 26. Nb3 Bxb3 27. axb3 axb4 28. Be3 Nb5 29. Be2 Na3 30. Rc1 Rd8 31. h4 c6 32. h5 Bb8 33. f4 Bc7 34. Kf2 Rd7 35. Rd1 Rxd1 36. Bxd1 Kf8 37. Kf3 Nb5 38. Be2 Nc3 39. Bc4 Ke7 40. Bd4 Kf8 41. g3 Bd8 42. Bd3 Nd5 43. Be4 Nc7 44. Bf5 Na6 45. Bc8 Be7 46. Bxb7 Nxc5 47. Bxc5 Bxc5 48. Bxc6 1/2-1/2

[Event "Turkey IS Bank Super League 2017"]
[Site "Darica-Kocaeli"]
[Date "2017.08.04"]
[Round "11"]
[White "Karavade, Eesha"]
[Black "Muzychuk, Anna"]
[Result "1/2-1/2"]
[WhiteElo "2397"]
[BlackElo "2572"]
[Annotator "TA"]
[PlyCount "60"]
[EventType "team-tourn"]
[EventCountry "TUR"]
[SourceTitle "playchess.com"]
[Source "ChessBase"]
[SourceQuality "1"]

1. d4 Nf6 2. c4 g6 3. Nc3 d5 4. cxd5 Nxd5 5. Bd2 Bg7 6. e4 Nxc3 7. Bxc3 O-O 8. Qd2 c5 9. d5 Bxc3 10. bxc3 e6 11. Bc4 exd5 12. Bxd5 Nd7 13. Nf3 Nb6 14. O-O Bg4 15. Ng5 Qf6 16. h3 Nxd5 17. exd5 Bf5 18. Rfe1 Rfe8 19. g4 h6 20. gxf5 Qxf5 21. Nxf7 Kxf7 22. Kg2 c4 23. Rad1 Qg5+ 24. Qxg5 hxg5 25. Kf3 Rxe1 26. Rxe1 Rd8 27. Re5 Rd6 28. Ke4 Ra6 29. Kd4 Rxa2 30. Kxc4 Rxf2 1/2-1/2

[Event "Turkey IS Bank Super League 2017"]
[Site "Darica-Kocaeli"]
[Date "2017.08.04"]
[Round "11"]
[White "Atakisi, Umut"]
[Black "Heberla, Bartlomiej"]
[Result "0-1"]
[WhiteElo "2373"]
[BlackElo "2577"]
[Annotator "TA"]
[PlyCount "102"]
[EventType "team-tourn"]
[EventCountry "TUR"]
[SourceTitle "playchess.com"]
[Source "ChessBase"]
[SourceQuality "1"]

1. e4 c5 2. Nf3 e6 3. d4 cxd4 4. Nxd4 Nf6 5. Nc3 Nc6 6. Ndb5 Bc5 7. Nd6+ Ke7 8. Bf4 e5 9. Nf5+ Kf8 10. Bg5 d6 11. Ne3 Be6 12. Ncd5 Qa5+ 13. c3 Nxe4 14. b4 Bxe3 15. bxa5 Bxf2+ 16. Ke2 Bg4+ 17. Kd3 Nc5+ 18. Kc2 Bxd1+ 19. Rxd1 Ne6 20. Be3 Bxe3 21. Nxe3 Rd8 22. a6 bxa6 23. Bxa6 g6 24. Bb7 Na5 25. Rb1 Rb8 26. Bf3 Kg7 27. Rxb8 Rxb8 28. Rd1 Rd8 29. Rb1 Rc8 30. Kd2 Rc5 31. g4 Nc7 32. g5 h6 33. h4 hxg5 34. hxg5 Ne6 35. Rg1 Nf4 36. Rb1 Nc4+ 37. Nxc4 Rxc4 38. Bd1 Nh3 39. Rb7 Nxg5 40. Rxa7 Ne4+ 41. Kc1 d5 42. Bb3 Rxc3+ 43. Kb2 Rd3 44. a4 Nd2 45. Ba2 e4 46. Re7 Kf6 47. Re8 Kf5 48. a5 Nc4+ 49. Bxc4 dxc4 50. a6 Rb3+ 51. Ka2 Rb6 0-1

[Event "Turkey IS Bank Super League 2017"]
[Site "Darica-Kocaeli"]
[Date "2017.08.04"]
[Round "11"]
[White "Mammadova, Gulnar"]
[Black "Onur, Cigdem"]
[Result "1-0"]
[WhiteElo "2357"]
[BlackElo "1699"]
[Annotator "NA"]
[PlyCount "81"]
[EventType "team-tourn"]
[EventCountry "TUR"]
[SourceTitle "playchess.com"]
[Source "ChessBase"]
[SourceQuality "1"]

1. e4 c5 2. Nf3 Nc6 3. Bb5 e6 4. O-O Nge7 5. Re1 a6 6. Bf1 d5 7. d3 Ng6 8. c3 d4 9. e5 Be7 10. Nbd2 O-O 11. g3 Qc7 12. Qe2 b5 13. h4 h5 14. Bg2 Bb7 15. Nb3 Rfd8 16. Bd2 Nf8 17. cxd4 cxd4 18. Rac1 Qd7 19. Nc5 Bxc5 20. Rxc5 Nh7 21. Bf4 Rac8 22. Nd2 g6 23. Ne4 Nb4 24. Rxc8 Rxc8 25. Qd2 Bxe4 26. Bxe4 Qe7 27. Rc1 Rxc1+ 28. Qxc1 Nd5 29. Bxd5 exd5 30. Qc8+ Kg7 31. Qxa6 g5 32. hxg5 Nxg5 33. Bxg5 Qxg5 34. Qf6+ Qxf6 35. exf6+ Kxf6 36. a3 b4 37. a4 Ke6 38. b3 Kd6 39. Kg2 Ke6 40. Kh3 Kd6 41. Kh4 1-0

[Event "Turkey IS Bank Super League 2017"]
[Site "Darica-Kocaeli"]
[Date "2017.08.04"]
[Round "11"]
[White "Kerigan, Demre"]
[Black "Yilmaz, Goktan"]
[Result "1/2-1/2"]
[WhiteElo "2354"]
[BlackElo "2202"]
[Annotator "NA"]
[PlyCount "73"]
[EventType "team-tourn"]
[EventCountry "TUR"]
[SourceTitle "playchess.com"]
[Source "ChessBase"]
[SourceQuality "1"]

1. e4 c5 2. Nf3 d6 3. c3 Nf6 4. Be2 g6 5. O-O Bg7 6. Bb5+ Bd7 7. Bxd7+ Qxd7 8. Re1 Nc6 9. d4 cxd4 10. cxd4 O-O 11. Nc3 d5 12. e5 Ne8 13. Bf4 Nc7 14. Qd2 Ne6 15. Rad1 Nxf4 16. Qxf4 e6 17. h4 f6 18. Qg4 fxe5 19. Nxe5 Nxe5 20. dxe5 Qf7 21. Qe2 a6 22. Qe3 Rac8 23. g3 Qe7 24. Rd2 Qb4 25. a3 Qg4 26. Kg2 Rc4 27. f3 Qf5 28. f4 Rfc8 29. Ne2 Bf8 30. Nd4 Qf7 31. Qd3 Bc5 32. Nf3 Be7 33. Ree2 b5 34. Nd4 Bc5 35. Nf3 Be7 36. Nd4 Bc5 37. Nf3 1/2-1/2

[Event "Turkey IS Bank Super League 2017"]
[Site "Darica-Kocaeli"]
[Date "2017.08.04"]
[Round "11"]
[White "Osmak, Iulija"]
[Black "Buyukasik, Diyap"]
[Result "1/2-1/2"]
[WhiteElo "2353"]
[BlackElo "2285"]
[Annotator "NA"]
[PlyCount "87"]
[EventType "team-tourn"]
[EventCountry "TUR"]
[SourceTitle "playchess.com"]
[Source "ChessBase"]
[SourceQuality "1"]

1. d4 Nf6 2. Bf4 g6 3. e3 Bg7 4. Nf3 O-O 5. Be2 d6 6. h3 c5 7. c3 Be6 8. Nbd2 Qb6 9. Qc1 Nc6 10. Ng5 cxd4 11. exd4 Bd5 12. O-O Rac8 13. Be3 Na5 14. a4 Qc6 15. Ngf3 Ne4 16. Bb5 Qc7 17. Qe1 a6 18. Bd3 Nxd2 19. Nxd2 e5 20. dxe5 dxe5 21. f3 Nc4 22. Nxc4 Bxc4 23. Bxc4 Qxc4 24. a5 Rfd8 25. Bb6 Rd5 26. Rd1 Bf8 27. Qe4 Bc5+ 28. Bxc5 Qxc5+ 29. Kh1 Rcd8 30. Rxd5 Qxd5 31. Qb4 Qd3 32. Re1 Qd5 33. Qe7 Qxa5 34. Qxb7 Rd5 35. Kh2 Kg7 36. Qe7 Qb5 37. Qg5 Qxb2 38. Rxe5 Qb8 39. f4 h6 40. Qe7 Rd1 41. Re4 Qb6 42. Qe5+ Kh7 43. Re3 Qd6 44. c4 1/2-1/2

[Event "Turkey IS Bank Super League 2017"]
[Site "Darica-Kocaeli"]
[Date "2017.08.04"]
[Round "11"]
[White "Ozen, Bahadir"]
[Black "Tuncer, Tuna"]
[Result "0-1"]
[WhiteElo "2315"]
[BlackElo "2274"]
[Annotator "NA"]
[PlyCount "90"]
[EventType "team-tourn"]
[EventCountry "TUR"]
[SourceTitle "playchess.com"]
[Source "ChessBase"]
[SourceQuality "1"]

1. Nf3 c5 2. g3 d5 3. Bg2 Nf6 4. O-O e6 5. d3 Be7 6. Nbd2 Nc6 7. e4 b6 8. Re1 Bb7 9. Qe2 Nb4 10. Qd1 Nc6 11. Qe2 Nb4 12. Qd1 O-O 13. a3 Nc6 14. exd5 Nxd5 15. d4 cxd4 16. Nb3 Bf6 17. Nbxd4 Nxd4 18. Nxd4 Rc8 19. Nb3 Qc7 20. c3 Nxc3 21. bxc3 Bxg2 22. Kxg2 Bxc3 23. Be3 Rfd8 24. Qe2 Bxe1 25. Rxe1 Qc2 26. Nd4 Qxe2 27. Rxe2 Rc4 28. Nb5 Rd7 29. Rb2 Kf8 30. Kf3 a6 31. Nd4 Rcxd4 32. Bxd4 Rxd4 33. Rxb6 Rd3+ 34. Ke4 Rxa3 35. f4 Ke7 36. g4 Kf6 37. g5+ Kg6 38. h4 Ra4+ 39. Ke5 Ra5+ 40. Kd6 Rf5 41. Rb4 Kh5 42. Ke7 Kxh4 43. Kf8 g6 44. Kg7 Kg4 45. Kh6 Rxf4 0-1

[Event "Turkey IS Bank Super League 2017"]
[Site "Darica-Kocaeli"]
[Date "2017.08.04"]
[Round "11"]
[White "Selbes, Tarik"]
[Black "Krasenkow, Michal"]
[Result "0-1"]
[WhiteElo "2260"]
[BlackElo "2630"]
[Annotator "TA"]
[PlyCount "80"]
[EventType "team-tourn"]
[EventCountry "TUR"]
[SourceTitle "playchess.com"]
[Source "ChessBase"]
[SourceQuality "1"]

1. Nf3 d6 2. d4 Nf6 3. Nc3 Bf5 4. Bg5 Ne4 5. Nxe4 Bxe4 6. Nd2 Bc6 7. e4 g6 8. Bd3 Bg7 9. c3 O-O 10. O-O Qe8 11. f4 h6 12. Bh4 e6 13. e5 Nd7 14. Nc4 dxe5 15. fxe5 Bb5 16. a4 Bxc4 17. Bxc4 c5 18. a5 cxd4 19. cxd4 Nb8 20. Ra3 Nc6 21. Bf6 Qd7 22. Rd3 Ne7 23. Qd2 Rac8 24. b3 b5 25. axb6 axb6 26. Rh3 g5 27. Rh5 Ng6 28. h4 Nxe5 29. hxg5 Nxc4 30. bxc4 Rxc4 31. Bxg7 Kxg7 32. gxh6+ Kh8 33. d5 Rg4 34. Qb2+ Kh7 35. dxe6 Qxe6 36. Qc2+ Rg6 37. Rff5 Ra8 38. Qf2 f6 39. Rf4 Ra2 40. Re4 Ra1+ 0-1

[Event "Turkey IS Bank Super League 2017"]
[Site "Darica-Kocaeli"]
[Date "2017.08.04"]
[Round "11"]
[White "Isgandarova, Khayala"]
[Black "Ushenina, Anna"]
[Result "1/2-1/2"]
[WhiteElo "2257"]
[BlackElo "2458"]
[Annotator "TA"]
[PlyCount "58"]
[EventType "team-tourn"]
[EventCountry "TUR"]
[SourceTitle "playchess.com"]
[Source "ChessBase"]
[SourceQuality "1"]

1. e4 c5 2. Nf3 d6 3. d4 cxd4 4. Nxd4 Nf6 5. f3 e5 6. Nb3 Be6 7. c4 Nbd7 8. Be3 Rc8 9. Na3 a6 10. Be2 Be7 11. O-O O-O 12. Rc1 Ne8 13. Qd2 g6 14. Nb1 Ng7 15. Rfd1 f5 16. Nc3 Nf6 17. Nd5 Bxd5 18. cxd5 fxe4 19. fxe4 Nxe4 20. Qb4 Nc5 21. Nxc5 dxc5 22. Qxb7 Bg5 23. Bxg5 Qxg5 24. Bf1 Nf5 25. d6 Qe3+ 26. Kh1 Ng3+ 27. hxg3 Qh6+ 28. Kg1 Qe3+ 29. Kh2 Qh6+ 1/2-1/2

[Event "Turkey IS Bank Super League 2017"]
[Site "Darica-Kocaeli"]
[Date "2017.08.04"]
[Round "11"]
[White "Avramidou, Anastasia"]
[Black "Nomin-Erdene, Davaademberel"]
[Result "1-0"]
[WhiteElo "2247"]
[BlackElo "2373"]
[Annotator "NA"]
[PlyCount "77"]
[EventType "team-tourn"]
[EventCountry "TUR"]
[SourceTitle "playchess.com"]
[Source "ChessBase"]
[SourceQuality "1"]

1. d4 d5 2. c4 dxc4 3. e3 e5 4. Bxc4 exd4 5. exd4 Nf6 6. Nf3 Bd6 7. O-O O-O 8. h3 h6 9. Nc3 a6 10. Ne5 Nbd7 11. Re1 Nb6 12. Bb3 Be6 13. Bxe6 fxe6 14. Ng4 Qd7 15. Qf3 Nfd5 16. Qe2 Rae8 17. Ne4 Nf4 18. Bxf4 Rxf4 19. g3 Rf5 20. Ne3 Rff8 21. Qh5 e5 22. Ng4 exd4 23. Nef6+ gxf6 24. Rxe8 Qxe8 25. Nxf6+ Rxf6 26. Qxe8+ Kg7 27. Rd1 Bc5 28. Qe5 Nd7 29. Qxc7 Rf7 30. Rd3 Re7 31. b4 Bxb4 32. Rxd4 Ne5 33. Qd8 Bc5 34. Rf4 Ng6 35. Rg4 Rf7 36. Qd3 Rf6 37. Rxg6+ Rxg6 38. Qc3+ Rf6 39. Qxc5 1-0

[Event "Turkey IS Bank Super League 2017"]
[Site "Darica-Kocaeli"]
[Date "2017.08.04"]
[Round "11"]
[White "Tanriverdi, Enes"]
[Black "Ozen, Deniz"]
[Result "0-1"]
[WhiteElo "2247"]
[BlackElo "2351"]
[Annotator "NA"]
[PlyCount "126"]
[EventType "team-tourn"]
[EventCountry "TUR"]
[SourceTitle "playchess.com"]
[Source "ChessBase"]
[SourceQuality "1"]

1. d4 d5 2. c4 c6 3. Nf3 Nf6 4. e3 Bf5 5. Nc3 e6 6. Nh4 Be4 7. f3 Bg6 8. Qb3 Qc7 9. Bd2 Be7 10. O-O-O Nbd7 11. Nxg6 hxg6 12. Kb1 dxc4 13. Bxc4 b5 14. Be2 a6 15. Ne4 O-O 16. h4 c5 17. Nxf6+ Nxf6 18. g4 cxd4 19. e4 Nd7 20. f4 Nc5 21. Qf3 Qb7 22. Bb4 d3 23. Bxd3 Nxd3 24. Bxe7 Qxe7 25. Rxd3 Rfd8 26. Rxd8+ Rxd8 27. h5 gxh5 28. gxh5 Qd6 29. h6 Qd3+ 30. Qxd3 Rxd3 31. f5 exf5 32. exf5 Rd6 33. hxg7 Kxg7 34. Kc2 Kf6 35. Rh5 a5 36. Kc3 Rd5 37. b4 a4 38. Rh7 Rxf5 39. Kd4 Ke6 40. Rh8 Rd5+ 41. Ke3 Rg5 42. Kd4 Rd5+ 43. Ke3 f5 44. Re8+ Kd7 45. Rf8 Kd6 46. Rd8+ Kc6 47. Rf8 Re5+ 48. Kd3 Kd6 49. Rb8 Ke6 50. Rb6+ Kf7 51. a3 f4 52. Kd4 Re3 53. Rxb5 Kf6 54. Rb6+ Kf5 55. b5 Rxa3 56. Ra6 Rb3 57. Kc4 Ra3 58. b6 f3 59. b7 f2 60. Ra5+ Kf6 61. b8=Q f1=Q+ 62. Kd5 Qf3+ 63. Kc5 Rc3+ 0-1

[Event "Turkey IS Bank Super League 2017"]
[Site "Darica-Kocaeli"]
[Date "2017.08.04"]
[Round "11"]
[White "Kiremitciyan, Ari"]
[Black "Kinsiz, Onur"]
[Result "1-0"]
[WhiteElo "2240"]
[BlackElo "2221"]
[Annotator "NA"]
[PlyCount "77"]
[EventType "team-tourn"]
[EventCountry "TUR"]
[SourceTitle "playchess.com"]
[Source "ChessBase"]
[SourceQuality "1"]

1. e4 d6 2. d4 Nf6 3. Nc3 e5 4. Nge2 Nbd7 5. g3 Be7 6. Bg2 O-O 7. O-O c6 8. a4 a5 9. h3 exd4 10. Qxd4 Nc5 11. Be3 Re8 12. Rad1 Qb6 13. b3 Qb4 14. f3 Bf8 15. Bf2 Be6 16. Nf4 Rad8 17. g4 Bc8 18. g5 Nfd7 19. Qxb4 axb4 20. Na2 Na6 21. Be1 c5 22. Nd5 Ne5 23. f4 Nc6 24. Bf2 Be6 25. Nb6 Nc7 26. f5 Bc8 27. Nc1 Ne5 28. Nd3 Nxd3 29. Rxd3 g6 30. Nxc8 Rxc8 31. Bg3 b5 32. Bxd6 Bxd6 33. Rxd6 bxa4 34. bxa4 Rb8 35. Rd7 Rbc8 36. e5 Rxe5 37. Bb7 Rb8 38. Rxc7 gxf5 39. a5 1-0

[Event "Turkey IS Bank Super League 2017"]
[Site "Darica-Kocaeli"]
[Date "2017.08.04"]
[Round "11"]
[White "Topak, Engin"]
[Black "Gulden, Egemen"]
[Result "1-0"]
[WhiteElo "2192"]
[BlackElo "2044"]
[Annotator "NA"]
[PlyCount "73"]
[EventType "team-tourn"]
[EventCountry "TUR"]
[SourceTitle "playchess.com"]
[Source "ChessBase"]
[SourceQuality "1"]

1. d4 d5 2. Nf3 Nf6 3. c4 e6 4. g3 b6 5. Bg2 Bb7 6. O-O Nbd7 7. Nbd2 Bd6 8. b3 O-O 9. Bb2 Qe7 10. Qc2 c5 11. cxd5 exd5 12. dxc5 bxc5 13. Rfe1 Ne4 14. Nxe4 dxe4 15. Nd2 f5 16. Nc4 Bc7 17. e3 Ba6 18. Red1 Kh8 19. Rac1 Rac8 20. Bf1 Bb7 21. Qc3 Rf6 22. Rd2 f4 23. Rcd1 Nf8 24. Nd6 Bxd6 25. Rxd6 fxg3 26. Rxf6 gxh2+ 27. Kh1 Ng6 28. Rxg6 hxg6 29. Qxg7+ Qxg7 30. Bxg7+ Kxg7 31. Rd7+ Kh6 32. Rxb7 Rf8 33. Bg2 Rxf2 34. Rxa7 Re2 35. Bxe4 Rxe3 36. Bg2 g5 37. Kxh2 1-0

[Event "Turkey IS Bank Super League 2017"]
[Site "Darica-Kocaeli"]
[Date "2017.08.04"]
[Round "11"]
[White "Ererdem, Gani Eren"]
[Black "Bayyurt, Izge"]
[Result "1-0"]
[WhiteElo "2090"]
[BlackElo "1839"]
[Annotator "NA"]
[PlyCount "73"]
[EventType "team-tourn"]
[EventCountry "TUR"]
[SourceTitle "playchess.com"]
[Source "ChessBase"]
[SourceQuality "1"]

1. d4 Nf6 2. Nf3 e6 3. c4 Bb4+ 4. Nbd2 c5 5. dxc5 Bxc5 6. a3 a5 7. e3 Nc6 8. Qc2 O-O 9. b3 d5 10. cxd5 Qxd5 11. Bc4 Qh5 12. Bb2 Be7 13. O-O Bd7 14. Rad1 Rac8 15. Ne4 Nd5 16. Ng3 Qh6 17. Qe2 Nb6 18. Bd3 Bf6 19. Bc1 g6 20. e4 Qg7 21. Be3 Nd4 22. Nxd4 Bxd4 23. e5 Bxe3 24. Qxe3 Nd5 25. Qd4 Bc6 26. Ne4 Rfd8 27. Bc4 b5 28. Bxd5 Bxd5 29. Nf6+ Kh8 30. Rd3 h5 31. Qf4 b4 32. axb4 axb4 33. Rh3 Rc3 34. Rh4 Rxb3 35. Qg5 Rc8 36. Rxh5+ gxh5 37. Qxh5+ 1-0

[Event "Turkey IS Bank Super League 2017"]
[Site "Darica-Kocaeli"]
[Date "2017.08.04"]
[Round "11"]
[White "Arda, Cagil Irmak"]
[Black "Incecik, Seyma Zeynep"]
[Result "1-0"]
[WhiteElo "2080"]
[BlackElo "1804"]
[Annotator "NA"]
[PlyCount "61"]
[EventType "team-tourn"]
[EventCountry "TUR"]
[SourceTitle "playchess.com"]
[Source "ChessBase"]
[SourceQuality "1"]

1. e4 d5 2. exd5 Qxd5 3. Nc3 Qa5 4. d4 c6 5. Bc4 Nf6 6. Bd2 Bf5 7. Nf3 e6 8. Qe2 Bb4 9. O-O-O Nbd7 10. Ne5 Nxe5 11. dxe5 Nd5 12. Bxd5 exd5 13. g4 Bd7 14. a3 Be7 15. Be1 Bg5+ 16. Kb1 Qc7 17. Rd4 Be7 18. f4 Qb6 19. Bf2 Bxa3 20. Na4 Qb5 21. Qxb5 cxb5 22. bxa3 bxa4 23. f5 h5 24. Re1 hxg4 25. e6 fxe6 26. fxe6 Bc6 27. Rxg4 Rh7 28. Rf4 O-O-O 29. Bg3 Re8 30. Rf7 b6 31. Rc7+ 1-0

[Event "Turkey IS Bank Super League 2017"]
[Site "Darica-Kocaeli"]
[Date "2017.08.04"]
[Round "11"]
[White "Kamer, Kayra"]
[Black "Asadli, Vugar"]
[Result "1/2-1/2"]
[WhiteElo "2062"]
[BlackElo "2457"]
[Annotator "TA"]
[PlyCount "107"]
[EventType "team-tourn"]
[EventCountry "TUR"]
[SourceTitle "playchess.com"]
[Source "ChessBase"]
[SourceQuality "1"]

1. Nf3 g6 2. e4 Bg7 3. d4 d6 4. Nc3 a6 5. Be3 b5 6. Bd3 Bb7 7. a4 b4 8. Ne2 Nd7 9. Qd2 c5 10. c3 Ngf6 11. Ng3 O-O 12. Bh6 Bxh6 13. Qxh6 bxc3 14. bxc3 Qa5 15. Qd2 Rac8 16. O-O cxd4 17. cxd4 Qxd2 18. Nxd2 Rc3 19. Bb1 e5 20. d5 Rfc8 21. Ne2 R3c7 22. Nb3 Nc5 23. Nxc5 Rxc5 24. Bd3 Nd7 25. Rab1 R8c7 26. Rfc1 Rxc1+ 27. Rxc1 Nc5 28. Rc3 Rc8 29. Bc2 Rb8 30. Nc1 Bc8 31. Nb3 Nxa4 32. Rc6 Bd7 33. Rxd6 Bb5 34. Na5 Nc3 35. f3 Ne2+ 36. Kf2 Nd4 37. Bd1 Rc8 38. Nc6 Nxc6 39. dxc6 Rxc6 40. Rd5 Rc1 41. Bb3 Rc3 42. Rd8+ Kg7 43. Bd5 f5 44. Rg8+ Kh6 45. exf5 gxf5 46. g4 Rc2+ 47. Kg1 Bc4 48. Bxc4 Rxc4 49. gxf5 Rf4 50. Kg2 Rxf5 51. Ra8 Rg5+ 52. Kf2 Rg6 53. Re8 a5 54. Ra8 1/2-1/2